000 00508nam a2200157 4500
008 161215b xxu||||| |||| 00| 0 eng d
022 _a0893-8989
082 _aDPer 363.205 P75 May-Dec 2015 v. 39
100 _918334
_aMurgado, Amaury
245 _aThe management side of leadership/
_cAmaury Murgado.
260 _aCalifornia:
_bBobit Business Media,
_cc2015.
300 _av39 n6, page 6;
_c28 cm.
500 _aPolice: the law enforcement magazine.
650 0 _918335
_aLeadership
942 _2ddc
_cPER
999 _c6047
_d6047